Football by Letter - I - Statistics

General Stats
  • This quiz has been taken 57 times
  • The average score is 14 of 17
Answer Stats
Hint Answer % Correct
They will host the European Championships with Great Britain in 2028 Ireland
100%
Country that has won the World Cup four times and the European Championship twice Italy
98%
Sweden's record goal scorer Zlatan Ibrahimovic
98%
Fenerbahce, Besiktas and Galatasaray play in this city Istanbul
96%
The largest country that has never participated in a World Cup India
94%
Scored the winning goal in the World Cup 2010 Andres Iniesta
92%
2010 Champions League winner Inter Milan
91%
The country that has lost the AFC Asian Cup final the most times Iran
91%
Country that reached the quarter-finals in its first European Championship Iceland
89%
Country that won the AFC Asia Cup for the first and only time in 2007 Iraq
87%
English team that won the UEFA Cup in 1980/81 Ipswich Town
79%
Inter Milan manager from 2021/22 to 2024/25 Simone Inzaghi
77%
Serbian Champions League winner with Chelsea in the 2011/12 season Branislav Ivanovic
70%
The most expensive transfer in Premier League history Aleksander Isak
66%
Golden Boot Winner in 2019/20 Ciro Immobile
60%
Golden Boy Winner 2012 Isco
51%
Serie A top scorer in 2014/15 and 2017/18 Mauro Icardi
40%
No matching quizzes found
Score Distribution
Percent of People with Each Score
Percentile by Number Answered
Your Score History
You have not taken this quiz